The Permanent crisis of the public university /

Αποθηκεύτηκε σε:
Λεπτομέρειες βιβλιογραφικής εγγραφής
Κύριος συγγραφέας: Gentili, Pablo
Μορφή: Κείμενο
Θέματα:
Ετικέτες: Προσθήκη ετικέτας
Δεν υπάρχουν, Καταχωρήστε ετικέτα πρώτοι!

MARC

LEADER 00000 a a2200000 04500
001 9934
003
040
100 |a Gentili, Pablo  
245 |a The Permanent crisis of the public university /  |c Pablo Gentili 
650 |a UNIVERSIDADES  
650 |a EDUCACION PUBLICA  
650 |a ENSEÑANZA SUPERIOR  
773 |g volumen 33, número 4; páginas 12-18  
999 |c 22563  |d 22563